Library of the University of Algiers 3
Ibrahim Sultan Cheibout
شعار جامعة الجزائر 3
مكتبة جامعة الجزائر 3
إبراهيم سلطان شيبوط

جرائم التسعير الجبري : (رقم التسجيلة. 45438)

تفاصيل مارك
000 -LEADER
fixed length control field 01558nam a2200241Ia 4500
003 - CONTROL NUMBER IDENTIFIER
control field Ost
005 - DATE AND TIME OF LATEST TRANSACTION
control field 20260507075643.0
008 - FIXED-LENGTH DATA ELEMENTS--GENERAL INFORMATION
fixed length control field 260507s9999||||xx |||||||||||||| ||und||
020 ## - INTERNATIONAL STANDARD BOOK NUMBER
International Standard Book Number 4325009977
040 ## - CATALOGING SOURCE
Transcribing agency fsecg
041 ## - LANGUAGE CODE
Language code of text/sound track or separate title ara
082 ## - DEWEY DECIMAL CLASSIFICATION NUMBER
Classification number 338.52
100 ## - MAIN ENTRY--PERSONAL NAME
Personal name الزيني، محمود محمد عبد العزيز
Relator term مؤلف
245 #0 - TITLE STATEMENT
Title جرائم التسعير الجبري :
Remainder of title المبادئ الشرعية والقانونية وأراء الفقهاء والمحاكم ومعيار العقوبة في كل من الشريعة الإسلامية والقانون الوضعي /
Statement of responsibility, etc. محمود محمد عبد العزيز الزيني
260 ## - PUBLICATION, DISTRIBUTION, ETC.
Place of publication, distribution, etc. الإسكندرية:
Name of publisher, distributor, etc. دار الجامعة الجديدة للنشر,
Date of publication, distribution, etc. 2004
300 ## - PHYSICAL DESCRIPTION
Extent 277 صفحة؛
Other physical details إيضاحات ؛
Dimensions 24 سم
490 ## - SERIES STATEMENT
Series statement المكتبة القانونية
520 ## - SUMMARY, ETC.
Summary, etc. التسعير الجبري في الشريعة الإسلامية وعقوبة مخالفة- مفهوم القيمة في الإقتصاد الإسلامي- بيان معنى السوق ومتطلباته- سعر السوق عند علماء الإقتصاد- بيان سعر السوق وقاعدة الحرية الإقتصادية المقيدة في النظام الإسلامي- حكم التسعير في الشريعة الإسلامية كيفية بيان قيود الخاصة بالتسعير الجبري والإعلان عن الاسعار
653 ## - INDEX TERM--UNCONTROLLED
Uncontrolled term الأسعار
653 ## - INDEX TERM--UNCONTROLLED
Uncontrolled term الأسواق
653 ## - INDEX TERM--UNCONTROLLED
Uncontrolled term الإقتصاد الاسلامي
942 ## - ADDED ENTRY ELEMENTS (KOHA)
Koha item type كتب
المقتنيات
Withdrawn status Lost status Source of classification or shelving scheme Damaged status Not for loan Home library Current library Date acquired Serial enumeration / chronology Inventory number Total checkouts Full call number Barcode Date last seen Price effective from Koha item type
    Dewey Decimal Classification   NOT LOAN / إعارة داخلية مكتبة كلية العلوم الإقتصادية والعلوم التجارية وعلوم التسيير مكتبة كلية العلوم الإقتصادية والعلوم التجارية وعلوم التسيير 07/05/2026 الطابق الأرضي 954/1   أ/954ن1 954/1 07/05/2026 07/05/2026 كتب
    Dewey Decimal Classification   Available مكتبة كلية العلوم الإقتصادية والعلوم التجارية وعلوم التسيير مكتبة كلية العلوم الإقتصادية والعلوم التجارية وعلوم التسيير 07/05/2026 الطابق الأرضي 954/2   أ/954ن2 954/2 07/05/2026 07/05/2026 كتب
    Dewey Decimal Classification   Available مكتبة كلية العلوم الإقتصادية والعلوم التجارية وعلوم التسيير مكتبة كلية العلوم الإقتصادية والعلوم التجارية وعلوم التسيير 07/05/2026 الطابق الثاني 954/3   أ/954ن3 954/3 07/05/2026 07/05/2026 كتب

موارد الويب المفتوحة


© University of Algiers 3 All Rights Reserved
|
Implemented by LECHELAH Riad